Responses for Show #7371 - Monday, October 3, 2016

Seth Wilson game 11.

Contestants

[<< previous game]

George Lyle, an I.T. security risk analyst from West Lafayette, Indiana

Amy Pistone, a graduate student instructor from Ann Arbor, Michigan

Seth Wilson, a Ph.D. candidate from Chicago, Illinois (whose 10-day cash winnings total $231,801)

[next game >>]

Jeopardy! Round responses

BASEBALL IN UNIFORM
WHAT THE CITY NAME MEANS
PRONOUN-CIATION
NOTORIOUS
THE ____ OF ____
THE FARMER IN THE DELI
    $200 1
the bombing of Pearl Harbor

Amy
    $200 18
Providence

George
    $200 9
who

Amy
    $200 26
(Seth: What is a [*] scheme?)

(Charles) Ponzi

Seth
    $200 21
the Tower of London

George
    $200 7
rye

Amy
    $400 3
Willie Mays

George
    $400 2
Savannah

Seth
    $400 10
themselves

Seth
    $400 4
universities (or airplanes)

George
    $400 20
the Garden of Eden

George
    $400 8
rugelach

Triple Stumper
    $600 11
shortstop

Seth
    $600 14
(George: Fond du Lac?)
(Alex: No.)
(George: What is--)

Eau Claire

SethGeorge
    $600 23
(Amy: What is...)
(Alex: Say it! [Amy's time expires] Oh, darn.)

one

AmyGeorge
    $600 16
(Alex: All right. George and Seth are tied for the lead with $1,200. [Apparent edit] It's a tough game, isn't it? All right. We'll take a break. Back in a moment.)

the Kray brothers

Triple Stumper
    $600 22
the Reign of Terror

Seth
    $600 27
[The end-of-round signal sounds.]

pastrami

George
    $800 12
Ted Williams

George
    $800 15
(Seth: What is Seymour?)
(George: What is Burns?)

Eugene

SethGeorge
Triple Stumper
    $800 5
(Alex: 64 spots, 3 short.)

the Chessboard Killer

Triple Stumper
    $600 24
(George: Hm. Uh... What are the Hanging Gardens of Babylon?)
...
(Alex: And we now have less than a minute to go.)

the Colossus of Rhodes

George
    $1000 13
Roberto Clemente

George
    $1000 17
Pontiac

Seth
    $1000 6
Anne Bonny

Triple Stumper
    $1000 25
The Pirates of Penzance

Seth
    $1000 19
Havarti

Triple Stumper

Scores at the first commercial break (after clue 16):

Seth Amy George
$1,200 $600 $1,200

Scores at the end of the Jeopardy! Round:

Seth Amy George
$4,000 $0 $2,600

Double Jeopardy! Round responses

OCTOBERFEST
TALKIN' TRASH
U.S. MUSEUMS
THE "TIMES" OF YOUR LIFE
DEAD LINES
WHO ORDERED THE MAMMAL?
    $400 21
hot-air balloons

George
    $400 11
a junk

George
    $400 10
Fast Times

Seth
    $400 1
A Christmas Carol

Seth
    $400 27
(Alex: Good, you're on the board again.)

primates

Amy
    $800 20
(Amy: Who is Pontiac?)

Cadillac

Amy
Triple Stumper
    $800 12
(Seth: What is materials?)

waste

SethGeorge
    $800 29
[The end-of-round signal sounds.]

Marilyn Monroe

Seth
    $800 6
[NOTE: The clue had a space between the period and the comma in the first line as shown.]

Good Times

George
    $800 2
a bottle of rum

Seth
    $800 23
a muskrat

Amy
    $1200 19
Dick Cheney & John Edwards

Seth
    $1200 13
garbage

Seth
    $1200 17
(Amy: What is Ford Theatre?)

Ford's Theatre

SethAmy
    $1200 7
"Three Times A Lady"

Triple Stumper
    $1200 3
Bring out your dead

George
    $5,200 26
(Alex: We're running out of time. And you can't catch Seth, but you can get pretty close.)
(Amy: Yeah, I can make it real close, though. Um, you know, let's do it again. Let's make it a True Daily Double.)
...
(Amy: Ahh... what... are...)
(Alex: Say something.)
(Amy: Uh, what are... rabbits?)

elephants

Amy
    $1600 15
(Alex: Yes!)
(Amy: Ah!)
(Alex: You're on a roll!)
(Amy: Okay, let's stick with it here! U.S. MUSEUMS, $1,600.)

Hastings

Amy
    $1600 14
(Alex: You're good on these $1,600 clues. You did it again.)
(Amy: Let's try OCTOBERFEST for $1,600.)
[Laughter]

rubbish

Amy
    $1600 16
(Seth: What is Knoxville?)

Oak Ridge

SethGeorge
    $1600 8
(George: What is "Hard Times"?)
...
(Alex: Once again, you're on the plus side with $1,600.)
(Amy: Yes, gettin' in there.)

"The Times They Are a-Changin'"

AmyGeorge
    $1600 4
The Stranger

Amy
    $1600 24
(George: What is a hedgehog?)
...
(Amy: What is a platypus? [*]?)
(Alex: Yes, indeed. Another $1,600 for you!)
(Amy: I'm liking 'em.)

a duck-billed platypus

AmyGeorge
    $2000 18
Casimir Pulaski

Seth
    $2000 28
debris

George
    $2000 22
Portsmouth

Triple Stumper
    $2000 9
Modern Times

Seth
    $1,600 5
(Alex: You have $1,600. You can risk up to $2,000.)
(Amy: Uh, I've always wanted to say this. Let's make it a True Daily Double.)
...
(Amy: Ooh. Um... Don't know.)

Philip Marlowe

Amy
    $2000 25
(Alex: Less than a minute to go now, Amy.)

the dugong

Triple Stumper

Scores at the end of the Double Jeopardy! Round:

Seth Amy George
$11,600 $400 $6,600

[wagering suggestions for these scores]

Final Jeopardy! Round responses

CHRISTIANITY
(Alex: The day commemorates Jesus' entry into Jerusalem.)
...
(Alex: [To Amy] The Sunday before Easter.)
AmyWhat is Palm Sunday?
$398
GeorgeWhat is easter Sund Sunday
$5,000
SethWhat is Palm Sunday?
$1,601
Palm Sunday

Final scores:

Seth Amy George
$13,201 $798 $1,600
11-day champion: $245,002 3rd place: $1,000 2nd place: $2,000

Game dynamics:

Coryat scores:

Seth Amy George
$11,600 $7,200 $7,200
17 R,
3 W
10 R,
5 W
(including 2 DDs)
16 R,
5 W
(including 1 DD)

Combined Coryat: $26,000

[game clues] [game scores] [suggest correction]

Game tape date: 2016-07-27
The J! Archive is created by fans, for fans. Scraping, republication, monetization, and malicious use prohibited; this site may use cookies and collect identifying information. See terms. The Jeopardy! game show and all elements thereof, including but not limited to copyright and trademark thereto, are the property of Jeopardy Productions, Inc. and are protected under law. This website is not affiliated with, sponsored by, or operated by Jeopardy Productions, Inc. Join the discussion at JBoard.tv.